Statistiken für Rheinland-Pfalz Kennzeichen

Klicken Sie hier um das Quiz zu spielen!

Allgemein

  • Dieses Quiz wurde 115 mal gespielt
    (39 seit der letzten Aktualisierung)
  • Das Durchschnittsergebnis liegt bei 28 aus 39

Antwortstatistiken

HintAntwort% Korrekt
MZMainz
100%
KOKoblenz
97%
BITBitburg
94%
KLKaiserslautern
94%
TRTrier
94%
WOWorms
91%
COCCochem
88%
MYMayen
88%
AWAhrweiler
84%
AZAlzey
84%
BINBingen
84%
GERGermersheim
84%
KUSKusel
84%
SPSpeyer
84%
PSPirmasens
81%
DAUDaun
78%
FTFrankenthal
78%
NWNeustadt
75%
PRÜPrüm
75%
ZWZweibrücken
75%
LDLandau
72%
SIMSimmern
72%
WWWesterwald
72%
DÜWBad Dürkheim
69%
BIRBirkenfeld
66%
KHBad Kreuznach
63%
DIZDiez
63%
NRNeuwied
63%
SÜWSüdliche Weinstraße
63%
WILWittlich
63%
ZELZell
63%
EMSBad Ems
59%
AKAltenkirchen
53%
BKSBernkastel
53%
LULudwigshafen am Rhein
50%
KIBKirchheimbolanden
44%
SABSaarburg
44%
ROKRockenhausen
41%
GOASankt Goar
41%

Verteilung der Resultate

Perzentil nach korrekt beantworteten Fragen

Anzahl Personen mit jedem Resultat

Ihre Resultats-Entwicklung

Sie haben dieses Quiz seit der letzten Aktualisierung nicht gespielt